|
|
|
|
| LEADER |
00000nab a2200000 a 4500 |
| 001 |
vtls001521416 |
| 003 |
SK-MaSNL |
| 005 |
20260304033536.0 |
| 008 |
180911c20041127xo mr|p|||||||000 b|slo |
| 015 |
|
|
|a PPPK2004
|2 pppkcl
|
| 038 |
|
|
|a PPPK
|
| 040 |
|
|
|a PPPKCL
|b slo
|c PPPKCL
|e AACR2
|
| 041 |
0 |
|
|a slo
|
| 044 |
|
|
|a xo
|c SK
|
| 080 |
|
|
|a 630*4
|x (437.6)
|2 UDC-MRF-SK2
|
| 080 |
|
|
|a 502.4
|x (437.6)
|2 UDC-MRF-SK2
|
| 080 |
|
|
|a 551.553.8
|2 UDC-MRF-SK2
|
| 100 |
1 |
|
|a Hudák, Pavol,
|d 1959-2011
|4 aut
|9 237890
|
| 245 |
1 |
0 |
|a Od sveta sú stále odrezané vysokohorské chaty
|c Pavol Hudák
|
| 300 |
|
|
|b Fotogr.
|
| 610 |
2 |
7 |
|a Bilíkova chata (Vysoké Tatry, Slovensko)
|2 pppkcl
|9 56212
|
| 648 |
|
7 |
|a 2004
|2 pppkcl
|9 303492
|
| 650 |
0 |
7 |
|a víchrice
|2 pppkcl
|9 31806
|
| 650 |
0 |
7 |
|a lesné katastrofy
|2 pppkcl
|9 1189091
|
| 650 |
0 |
7 |
|a horské chaty
|2 pppkcl
|9 98865
|
| 651 |
|
7 |
|a Vysoké Tatry (Poľsko a Slovensko : pohorie)
|2 SNKPHgeo
|9 67729
|
| 651 |
|
7 |
|a Poprad (Slovensko : okres)
|2 pppkcl
|9 28675
|
| 773 |
0 |
|
|t Nový Čas
|g Roč. 14, č. 274 (27.11.2004), s. 8
|x 1335-4655
|
| 852 |
|
|
|a PPPKCL
|b KIS3GCP
|
| 999 |
|
|
|c 2648639
|d 2650569
|